000 00276nam a2200109Ia 4500
005 20251222141854.0
008 251222s9999||||xx |||||||||||||| ||spa||
082 _a324.985/A81C
245 0 _aCinco Años, Tres Discursos
264 _bAsociación Civil Transparencia
942 _cLIB
999 _c7842
_d7842